Ceremonia del día del maestro (Record no. 99124)
[ view plain ]
| 000 -CABECERA | |
|---|---|
| campo de control de longitud fija | 01136nam a2200253 a 4500 |
| 003 - IDENTIFICADOR DEL NÚMERO DE CONTROL | |
| campo de control | UPN |
| 005 - FECHA Y HORA DE LA ÚLTIMA TRANSACCIÓN | |
| campo de control | 20240419093539.0 |
| 008 - ELEMENTOS DE LONGITUD FIJA--INFORMACIÓN GENERAL | |
| campo de control de longitud fija | 030627s1985 mx fr 000 0 spa d |
| 035 ## - NÚMERO DE CONTROL DEL SISTEMA | |
| Número de control de sistema | UPN01000126945 |
| 040 ## - FUENTE DE LA CATALOGACIÓN | |
| Centro catalogador/agencia de origen | MX-MxUPN |
| Lengua de catalogación | spa |
| Centro/agencia transcriptor | MX-MxUPN |
| 041 ## - CÓDIGO DE IDIOMA | |
| Código de lengua del texto/banda sonora o título independiente | spa |
| 050 #4 - SIGNATURA TOPOGRÁFICA DE LA BIBLIOTECA DEL CONGRESO | |
| Número de clasificación | LB1775.4 M6 |
| Número de documento/Ítem | G66 1985 |
| 100 1# - ASIENTO PRINCIPAL--NOMBRE PERSONAL | |
| Nombre de persona | González Avelar, Miguel, |
| Fechas asociadas al nombre | 1937-2011 |
| 9 (RLIN) | 28517 |
| 100 1# - ASIENTO PRINCIPAL--NOMBRE PERSONAL | |
| Nombre de persona | Miranda Castro, Alberto, |
| Fechas asociadas al nombre | 1932- |
| 9 (RLIN) | 51550 |
| 245 10 - MENCIÓN DE TÍTULO | |
| Título | Ceremonia del día del maestro |
| 260 ## - PUBLICACIÓN, DISTRIBUCIÓN, ETC. | |
| Lugar de publicación, distribución, etc. | México, D.F. : |
| Nombre del editor, distribuidor, etc. | Secretaria de Educación Pública, Dirección General de Información y Relaciones Públicas, |
| Fecha de publicación, distribución, etc. | 1985. |
| 300 ## - DESCRIPCIÓN FÍSICA | |
| Extensión | 14 páginas |
| 490 0# - MENCIÓN DE SERIE | |
| Mención de serie | Cuadernos |
| 500 ## - NOTA GENERAL | |
| Nota general | "Discursos del Secretario de Educación Pública, Lic. Miguel González Avelar, y del Secretario General del Comité Ejecutivo Nacional del SNTE, Profr. Alberto Miranda Castro en la ceremonia del Día del Maestro que encabezó el Presidente de la República, Lic. Miguel de la Madrid, en el Palacio de Bellas Artes el 15 de mayo de 1985". |
| 650 #4 - ASIENTO SECUNDARIO DE MATERIA - TERMINO TEMATICO | |
| Término de materia o nombre geográfico como elemento de entrada | Maestros |
| Subdivisión geográfica | México |
| 9 (RLIN) | 830 |
| 650 #7 - ASIENTO SECUNDARIO DE MATERIA - TERMINO TEMATICO | |
| Término de materia o nombre geográfico como elemento de entrada | Maestros |
| Subdivisión general | Apreciación |
| 9 (RLIN) | 739 |
| 902 ## - ELEMENTOS DE DATOS B LOCAL, LDB (RLIN) | |
| Modificó | MaríaRobles/150424 |
| 942 ## - ELEMENTOS DE PUNTO DE ACCESO ADICIONAL (KOHA) | |
| Fuente del sistema de clasificación o colocación | Library of Congress Classification |
| Suprimir en OPAC | No |
| Tipo de ítem Koha | Folleto |
| Estado de retiro | Estado de pérdida | Fuente del sistema de clasificación o colocación | Estado dañado | No para préstamo | Código de colección | Localización permanente | Ubicación/localización actual | Ubicación en estantería | Fecha de adquisición | Clasificación | Código de barras | Fecha visto por última vez | Tipo de ítem Koha | Nota pública | Número de copia |
|---|---|---|---|---|---|---|---|---|---|---|---|---|---|---|---|
| Library of Congress Classification | Disponible (Préstamo en sala) | Folletería | Bib. Gregorio Torres Quintero | Bib. Gregorio Torres Quintero | Colecciones especiales Planta alta | 15/04/2024 | LB1775.4 M6 G66 1985 | 17360F | 31/12/2020 | Folleto | Ejemplar con sello del Sistema de Bibliotecas para la Formación y Actualización de Docentes | ||||
| Library of Congress Classification | Disponible (Préstamo en sala) | Folletería | Bib. Gregorio Torres Quintero | Bib. Gregorio Torres Quintero | Colecciones especiales Planta alta | 09/05/2023 | LB1775.4 M6 G66 1985 | 12060F | 31/12/2020 | Folleto | Ejemplar con sello del Sistema de Bibliotecas para la Formación y Actualización de Docentes | Ej.2 | |||
| Library of Congress Classification | Disponible (Préstamo en sala) | Folletería | Bib. Gregorio Torres Quintero | Bib. Gregorio Torres Quintero | Colecciones especiales Planta alta | 15/04/2024 | LB1775.4 M6 G66 1985 | 17361F | 31/12/2020 | Folleto | Ejemplar con sello del Sistema de Bibliotecas para la Formación y Actualización de Docentes | Ej. 3 |
